| 000 | 00716nam a22002177a 4500 | ||
|---|---|---|---|
| 999 |
_c13244 _d13244 |
||
| 003 | AR-CdUCM | ||
| 008 | 190411b ||||| |||| 00| 0 spa d | ||
| 040 |
_aMUNICIPALIDAD PROVINCIAL DEL CUSCO _cBIBLIOTECA MUNICIPAL DEL CUSCO |
||
| 082 |
_a868.3 / _bR94 |
||
| 100 |
_aRuiz de Alarcon, Juan _94730 |
||
| 245 | _aLa verdad sospechosa / | ||
| 260 |
_aMéxico : _bSecretaria de educación publica, _c1944 |
||
| 300 |
_a119 páginas ; _c20 cm. |
||
| 505 | _aContenido : Biografía -- Prologo -- Noticia -- La verdad sospechosa ... | ||
| 650 |
_aLiteratura _983 |
||
| 650 |
_aMexicana _913614 |
||
| 650 |
_aNarrativa _967 |
||
| 700 |
_aCastro Leal, Antonio _931547 |
||
| 942 |
_2ddc _cLIBROS |
||
| 945 |
_arah _d11/04/2019 |
||